| Tag |
First Indicator |
Second Indicator |
Subfields |
| LEADER |
00000cam a22000001a 4500 |
| 001 |
in00004100779 |
| 005 |
20200117091238.0 |
| 006 |
m d f |
| 007 |
cr bn mmmapmmp |
| 008 |
090916s2009 dcua ob f000 0 eng d |
| 035 |
|
|
|a chdc201000597
|
| 040 |
|
|
|a UMI
|c UMI
|d UtOrBLW
|
| 042 |
|
|
|a pcc
|
| 043 |
|
|
|a n-us---
|
| 074 |
|
|
|a 1016-A
|
| 086 |
0 |
|
|a Y 4.G 74/7:110-155
|
| 088 |
|
|
|a Serial no. 110-155 (United States. Congress. House. Committee on Oversight and Government Reform)
|
| 110 |
1 |
|
|a United States.
|b Congress.
|b House.
|b Committee on Oversight and Government Reform.
|0 http://id.loc.gov/authorities/names/no2007034839
|
| 245 |
1 |
0 |
|a Credit rating agencies and the financial crisis :
|b hearing before the Committee on Oversight and Government Reform, House of Representatives, One Hundred Tenth Congress, second session, October 22, 2008.
|
| 264 |
|
1 |
|a Washington :
|b U.S. G.P.O.,
|c 2009.
|
| 264 |
|
2 |
|a Washington :
|b For sale by the Supt. of Docs., U.S. G.P.O.
|
| 300 |
|
|
|a iii, 211 pages :
|b illustrations, digital, PDF file.
|
| 336 |
|
|
|a text
|b txt
|2 rdacontent
|
| 337 |
|
|
|a computer
|b c
|2 rdamedia
|
| 338 |
|
|
|a online resource
|b cr
|2 rdacarrier
|
| 504 |
|
|
|a Includes bibliographical references.
|
| 500 |
|
|
|a "Serial number 110-155."
|
| 500 |
|
|
|a Shipping list number: 2009-0448-P.
|
| 500 |
|
|
|a Record is based on bibliographic data in ProQuest Congressional Hearings Digital Collection. Reuse except for individual research requires license from ProQuest, LLC.
|
| 500 |
|
|
|a Electronic resource.
|
| 533 |
|
|
|a Electronic reproduction.
|b [Bethesda, Md.] :
|c ProQuest,
|d 2010.
|e digital, PDF file.
|n ProQuest U.S. Congressional Hearings Digital Collection.
|n Mode of access: World Wide Web via ProQuest website.
|
| 538 |
|
|
|a System requirements: PDF reader software.
|
| 650 |
|
0 |
|a Rating agencies (Finance)
|z United States.
|
| 650 |
|
0 |
|a Securities
|x Ratings and rankings
|z United States.
|
| 650 |
|
0 |
|a Global Financial Crisis, 2008-2009.
|0 http://id.loc.gov/authorities/subjects/sh2009003683
|
| 776 |
0 |
8 |
|i Print version:
|a United States. Congress. House. Committee on Oversight and Government Reform.
|t Credit rating agencies and the financial crisis
|w 9780160840180
|w 016084018X
|w (OCoLC)436878387
|z 2009438623
|
| 776 |
0 |
8 |
|i Microfiche version:
|a United States. Congress. House. Committee on Oversight and Government Reform.
|t Credit rating agencies and the financial crisis
|d [Bethesda, Md.] : ProQuest,[2010]
|o CIS 2010 H601-2
|w (ProQuest)cis01001150
|
| 856 |
4 |
0 |
|u http://proxy.library.tamu.edu/login?url=http://search.proquest.com/congcomp/getdoc?HEARING-ID=HRG-2008-CGR-0079
|y Electronic resource (PDF)
|t 0
|
| 998 |
|
|
|a cis01001150
|
| 999 |
f |
f |
|s 0916d31a-db62-343d-97ce-11b641f54656
|i 73dca339-c1d5-37cc-9a5c-e69b48a2bd29
|t 0
|
| 952 |
f |
f |
|a Texas A&M University
|b College Station
|c Electronic Resources
|d Available Online
|t 0
|e Y 4.G 74/7:110-155
|h Superintendent of Documents classification
|
| 998 |
f |
f |
|a Y 4.G 74/7:110-155
|t 0
|l Available Online
|